00631nam a22002297a 4500003000500000008004100005020001800046040000800064041001300072082001500085100002000100245002700120260003600147300001900183336002700202337003300229338002900262650002000291700005500311942001800366999001700384BPGM260415m mx gr|||| 001 f spa d a968-19-0698-5 bSPA aSPAhSPA04aM3687bD63 aMARIAS, JAVIER  aLOS DOMINIOS DEL LOBO  aMÉXICObALFAGUARAcMARZO 2000 a338c21.5X13.1 2rdacontentatextobtxt 2rdamediaasin mediaciónbn 2rdacarrieravolumen bnc v863x800y60z3 aLUIGI LOIRcEN LA ESTACION d1845-1916eILUSTRADOR 2ddccCONSULTA c68572d68572